000
00204nam a2200097Ia 4500
008
240331s9999 xx 000 0 und d
082
_b
DAV
100
_a
Davids,T.W.R
245
0
_a
Buddhist India
942
_c
L
999
_c
1986
_d
1986